00853cam a2200277 a 450000100090000000300050000900500170001400800410003101000170007202000250008902000220011404000130013604200080014905000240015708200110018110000190019224500590021124600440027025000120031426000580032630000270038450000730041150400510048465000220053565000180055716228975NUST20180117090030.0100512s2012 cau b 001 0 eng  a 2010928556 a9780840033864 (hbk.) a0840033869 (hbk.) aDLCcDLC apcc00aBF637.C6bC576 2012 a158.351 aCorey, Gerald.10aTheory & practice of group counseling /cGerald Corey.3 aTheory and practice of group counseling a8th ed. aBelmont, CA :bBrooks/Cole, Cengage Learning,cc2012. axxiv, 515 p. ;c26 cm. aRev. ed. of: Theory and practice of group counseling. 7th ed. c2008. aIncludes bibliographical references and index. 0aGroup counseling. 0aSmall groups.